Экспериментальные наблюдения над начальным развитием птиц (Запись № 12288591)
[ простой вид ]
| 000 -МАРКЕР | |
|---|---|
| контрольное поле | 03098nam0a2200325 4500 |
| 001 - ИДЕНТИФИКАТОР ЗАПИСИ | |
| контрольное поле | RU\NLR\BIBL_A\012184689 |
| 005 - ИДЕНТИФИКАТОР ВЕРСИИ | |
| контрольное поле | 20250623222957.0 |
| 035 ## - ДРУГИЕ СИСТЕМНЫЕ НОМЕРА | |
| Идентификатор записи | (NLR Aleph) 012184689 |
| 100 ## - ДАННЫЕ ОБЩЕЙ ОБРАБОТКИ | |
| Данные общей обработки | 20080221d1897 |||y0rusy50 ca |
| 101 0# - ЯЗЫК РЕСУРСА | |
| Язык текста, звукозаписи и т.д. | русский |
| 102 ## - СТРАНА ПУБЛИКАЦИИ ИЛИ ПРОИЗВОДСТВА | |
| Страна публикации | российская федерация |
| 105 ## - ПОЛЕ КОДИРОВАННЫХ ДАННЫХ: ТЕКСТОВЫЕ МАТЕРИАЛЫ, МОНОГРАФИЧЕСКИЕ | |
| Кодированные данные о монографическом текстовом документе | y|||z|||000zy |
| 200 1# - ЗАГЛАВИЕ И СВЕДЕНИЯ ОБ ОТВЕТСТВЕННОСТИ | |
| Основное заглавие | Экспериментальные наблюдения над начальным развитием птиц |
| Первые сведения об ответственности | [соч.] П.И. Митрофанова |
| 210 ## - ПУБЛИКАЦИЯ, РАСПРОСТРАНЕНИЕ И ДР. | |
| Место издания, распространения и т.д. | Варшава |
| Имя издателя, распространителя и т. д. | Типография Варшавского учебное округа |
| Дата издания, распространения и т.д. | 1897 |
| 215 ## - ФИЗИЧЕСКАЯ ХАРАКТЕРИСТИКА | |
| Специфическое обозначение материала и объем | 4 с. |
| Размеры | 24 |
| 225 1# - СЕРИЯ | |
| Основное заглавие серии | Работы из Зоотомической лаборатории Варшавского университета |
| Обозначение тома | 16 |
| 300 ## - ОБЩИЕ ПРИМЕЧАНИЯ | |
| Текст примечания | "Отт. из Протоколов заседаний и трудов о-ва естествоиспытателей при Имп. Варшавск. ун-те. Варшава 1897. Протоколы отделения биологии 1896-97 г. Протокол № 1" |
| 316 ## - ПРИМЕЧАНИЯ ОБ ОСОБЕННОСТЯХ ЭКЗЕМПЛЯРА | |
| Текст примечания | Экз. сплетен с 12-ю др. кн. в общ. переплет с загл.: Сообщения. На тит. л. и обл. общ. переплета также загл. сер. и содерж. 13 данных кн. приплетены к: Дополнения к учению о развитии головы позвоночных животных / [cоч.] П.И. Митрофанова. Варшава, 1895. Сведения об оттиске написаны от руки карандашом |
| Организация и экземпляр, к которому относится поле | NLR |
| 482 #0 - ПРИПЛЕТЕНО К | |
| Встроенное поле | 2001#$aДополнения к учению о развитии головы позвоночных животных$f[cоч.] П.И. Митрофанова |
| -- | 210##$aВаршава$d1895 |
| -- | 700#1$aМитрофанов$bП.И.$f1857-1920$gПавел Ильич$cд-р зоологии$3RU\NLR\AUTH\770215072 |
| Заглавие | Дополнения к учению о развитии головы позвоночных животных |
| Автор | Митрофанов, Павел Ильич (д-р зоологии ; 1857-1920) |
| 488 #0 - ДРУГИЕ ВЗАИМОСВЯЗАННЫЕ ПРОИЗВЕДЕНИЯ (ДОКУМЕНТЫ) | |
| Встроенное поле | 2001#$aПротоколы заседаний и трудов о-ва естествоиспытателей при Имп. Варшавскм ун-те$iПротоколы заседаний биологии$v№ 1, 1896-97 |
| -- | 710#02^$aВаршавское общество естествоиспытателей$3RU\NLR\AUTH\889960724 |
| Заглавие | Протоколы заседаний и трудов о-ва естествоиспытателей при Имп. Варшавскм ун-те |
| Автор | Варшавское общество естествоиспытателей |
| 512 1# - ЗАГЛАВИЕ ОБЛОЖКИ | |
| Заглавие обложки | Сообщения |
| 606 1# - НАИМЕНОВАНИЕ ТЕМЫ КАК ПРЕДМЕТ | |
| Наименование темы | Птицы |
| Тематический подзаголовок | Эмбриональное развитие |
| Системный номер авторитетной/нормативной записи | 1897042 |
| Идентификатор авторитетной/нормативной записи | RU\NLR\AUTH\66863256 |
| 686 1# - ИНДЕКСЫ ДРУГИХ КЛАССИФИКАЦИЙ | |
| Индекс | Е633.924 |
| 700 #1 - ИМЯ ЛИЦА - ПЕРВИЧНАЯ ОТВЕТСТВЕННОСТЬ | |
| Графика поля | Кириллица |
| Материалы, к которым относится поле | rus |
| Начальный элемент ввода | Митрофанов |
| Часть имени, кроме начального элемента ввода | П.И. |
| Дополнения к именам, кроме дат | д-р зоологии |
| Даты | 1857-1920 |
| Расширение инициалов личного имени | Павел Ильич |
| Системный номер авторитетной/нормативной записи | 215016 |
| Идентификатор авторитетной/нормативной записи | RU\NLR\AUTH\770215072 |
| 852 ## - МЕСТОНАХОЖДЕНИЕ И ШИФР ХРАНЕНИЯ | |
| Идентификатор организации | NLR |
| Шифр хранения (Call Number) | 38.36.5.45(16-10) |
| 942 ## - ДОПОЛНИТЕЛЬНЫЕ ЭЛЕМЕНТЫ ЗАПИСИ (АБИС) | |
| Тип экземпляра АБИС | Книга |
| 980 ## - КОЛЛЕКЦИЯ | |
| Название коллекции | Национальная библиография |
Нет доступных экземпляров.